[Event "Stuttgart-chB op"]
[Site "Ditzingen"]
[Date "2015.05.16"]
[Round "5"]
[White "Paulsen, Jonathan"]
[Black "Toenjes, Juergen"]
[Result "0-1"]
[WhiteElo "1714"]
[BlackElo "1838"]
[PlyCount "26"]
[EventDate "2015.05.17"]
[EventType "swiss"]
[EventRounds "7"]
[EventCountry "GER"]
[SourceTitle "EXT 2018"]
[Source "ChessBase"]
[SourceDate "2017.10.13"]
[SourceVersion "1"]
[SourceVersionDate "2017.10.13"]
[SourceQuality "1"]

1. e4 d5 2. d4 dxe4 3. Nc3 f5 4. Bf4 e6 5. f3 Nf6 6. Bc4 c6 7. Qd2 Nbd7 8. 0-0-0 Nb6 9. Bb3 Nbd5 10. Bg5 Be7 11. Na4 h6 12. Bxf6 Bxf6 13. fxe4 Bg5 0-1

[Event "Stuttgart-chB op"]
[Site "Ditzingen"]
[Date "2015.05.15"]
[Round "3"]
[White "Paulsen, Jonathan"]
[Black "Hahn, Martin"]
[Result "1/2-1/2"]
[WhiteElo "1714"]
[BlackElo "1809"]
[PlyCount "36"]
[EventDate "2015.05.17"]
[EventType "swiss"]
[EventRounds "7"]
[EventCountry "GER"]
[SourceTitle "EXT 2018"]
[Source "ChessBase"]
[SourceDate "2017.10.13"]
[SourceVersion "1"]
[SourceVersionDate "2017.10.13"]
[SourceQuality "1"]

1. e4 d5 2. d4 dxe4 3. Nc3 e5 4. dxe5 Qxd1+ 5. Kxd1 Nc6 6. Nxe4 Nxe5 7. Bf4 f6 8. Bxe5 fxe5 9. Ne2 Bf5 10. N2c3 0-0-0+ 11. Bd3 Nf6 12. Ke2 Be6 13. a3 Be7 14. f3 Nd5 15. Nxd5 Bxd5 16. Rad1 g6 17. Rhe1 Rhe8 18. Kf1 a6 1/2-1/2

[Event "Stuttgart-chB op"]
[Site "Ditzingen"]
[Date "2015.05.14"]
[Round "1"]
[White "Paulsen, Jonathan"]
[Black "Ustaosman, Hasan"]
[Result "1-0"]
[WhiteElo "1714"]
[BlackElo "1145"]
[PlyCount "77"]
[EventDate "2015.05.17"]
[EventType "swiss"]
[EventRounds "7"]
[EventCountry "GER"]
[SourceTitle "EXT 2018"]
[Source "ChessBase"]
[SourceDate "2017.10.13"]
[SourceVersion "1"]
[SourceVersionDate "2017.10.13"]
[SourceQuality "1"]

1. e4 Nf6 2. d3 e5 3. d4 exd4 4. e5 Nd5 5. Qxd4 Nb6 6. Nf3 c5 7. Qd1 Be7 8. Nc3 d5 9. exd6 Bxd6 10. Bg5 f6 11. Be3 0-0 12. Ne4 Be7 13. Bxc5 Re8 14. Qxd8 Bxd8 15. 0-0-0 Bc7 16. Nd6 Bxd6 17. Rxd6 Be6 18. Bb5 Nc6 19. Nd4 Bf7 20. Nxc6 bxc6 21. Bxc6 Nc4 22. Rdd1 Rac8 23. Bxe8 Bxe8 24. Bxa7 Bg6 25. c3 Ne5 26. Bd4 Nd3+ 27. Rxd3 Bxd3 28. Rd1 Bf5 29. b3 Kf7 30. Kb2 Ke6 31. Be3 Ke5 32. a4 Be6 33. c4 g5 34. Rd4 h6 35. Kc3 f5 36. g3 Rc7 37. b4 Rf7 38. f4+ gxf4 39. Bxf4+ 1-0